000 00553nam a22001577a 4500
003 macl
005 20170509122631.0
008 170509b xxu||||| |||| 00| 0 eng d
040 _cmacl
082 _a800
100 _aचतुर्वेदी, डॉ शैलनाथ
_967088
245 _aगजनी का सुन्‍तान महमूद और मथुरा
260 _aइलाहाबाद
_bसाहित्‍य संगम
_c2012
650 _aकाव्‍य समीक्षा
_948818
942 _2ddc
_cHIN
999 _c56292
_d56292